[Event "Baden-Baden"]
[Site "Baden-Baden"]
[Date "1988.??.??"]
[Round "?"]
[White "Pirrot, Dieter"]
[Black "Rajkovic, Dusan"]
[Result "1/2-1/2"]
[WhiteElo "2380"]
[BlackElo "2495"]

1.e4 c5 2.c3 Nf6 3.e5 Nd5 4.d4 cxd4 5.Nf3 e6 6.cxd4 d6 7.Nc3 Nxc3 8.bxc3 Qc7
9.Bd2 Nd7 10.Bd3 dxe5 11.O-O Bd6 12.Re1 O-O 13.dxe5 Nxe5 14.Nxe5 Bxe5 15.Bxh7+ Kxh7
16.Qh5+ Kg8 17.Rxe5 f6 18.Re3 e5 19.Rae1 Qf7 20.Qxf7+ Rxf7 21.f4 Rd7 22.Bc1 exf4
23.Re8+ Kf7 24.Bxf4 b6 25.Kf2 g5 26.Bc1 Bb7 27.Rxa8 Bxa8 28.g3 Rc7 29.Bd2 Bd5
30.a3 Rc4 31.Rb1 Ra4 32.Bc1 Re4 33.Be3 Re5 34.Rb4 Rf5+ 35.Ke1 Re5 36.Kf2  1/2-1/2

[Event "Bayern-ch"]
[Site "Bayern"]
[Date "1988.??.??"]
[Round "?"]
[White "Roeder, Gerd"]
[Black "Kurz, Alexander"]
[Result "1/2-1/2"]
[WhiteElo "2305"]
[BlackElo "2300"]

1.e4 c5 2.c3 Nf6 3.e5 Nd5 4.d4 cxd4 5.cxd4 d6 6.Bc4 Nb6 7.Bb3 dxe5 8.Qh5 e6
9.dxe5 Nc6 10.Nf3 Qd3 11.Nc3 Nc4 12.Qh4 N6xe5 13.Nxe5 Nxe5 14.Be3 Bd7 15.Qf4 Ng6
16.Qc7 Bc6 17.Rd1 Qa6 18.Rd4 Be7 19.Ra4 Qd3 20.Rd4 Qf5 21.Ba4 O-O 22.Bxc6 bxc6
23.O-O Rfc8 24.Qg3 Rab8 25.b3 Rb4 26.Rxb4 Bxb4 27.Na4 c5 28.Qd6 Qd5 29.Qxd5 exd5
30.Nxc5  1/2-1/2

[Event "Bayern-ch"]
[Site "Bayern"]
[Date "1988.??.??"]
[Round "?"]
[White "Roeder, Gerd"]
[Black "Wimmer, Herbert"]
[Result "0-1"]
[WhiteElo "2305"]
[BlackElo "2305"]

1.e4 c5 2.c3 Nf6 3.e5 Nd5 4.d4 cxd4 5.cxd4 d6 6.Bc4 Nb6 7.Bb3 dxe5 8.Qh5 e6
9.dxe5 Nc6 10.Nf3 Qd3 11.Nc3 Nc4 12.a3 Bd7 13.Ba2 Nxa3 14.Bb3 Bb4 15.Bd2 Nb5
16.O-O-O Ncd4 17.Ba4 Nxc3 18.Bxd7+ Kf8 19.Nxd4 Na2+  0-1

[Event "GMA-Open"]
[Site "Belgrade"]
[Date "1988.??.??"]
[Round "?"]
[White "Janovsky, Sergey"]
[Black "Kozul, Zdenko"]
[Result "0-1"]
[WhiteElo "2375"]
[BlackElo "2505"]

1.e4 c5 2.c3 Nf6 3.e5 Nd5 4.d4 cxd4 5.Nf3 d6 6.cxd4 Nc6 7.Bc4 e6 8.O-O Be7
9.Qe2 O-O 10.Qe4 Qc7 11.Bg5 dxe5 12.Bxe7 Ndxe7 13.dxe5 Ng6 14.Re1 Ncxe5 15.Nxe5 Nxe5
16.Qxe5 Qxc4 17.Nc3 Qb4 18.Rad1 Qxb2 19.Re3 Qb6 20.Ne4 f6 21.Qh5 e5 22.g4 Qe6
23.Rg3 Qf7 24.Qh4 h6 25.Nd6 Qxa2 26.Qh5 Qe2 27.Rdd3 Bd7 28.Qg6 Bc6 29.Rge3 Qc2
30.Re1 Be8 31.Qf5 Rd8 32.Qe6+ Kh7 33.Red1 Bd7 34.Qe7 Bxg4 35.Nf5 Bxf5 36.Rxd8 Rxd8
37.Qxd8 b5 38.h4 b4 39.Ra1 Be4 40.Qd7 b3 41.Rxa7 Qc1+  0-1

[Event "GMA-Open"]
[Site "Belgrade"]
[Date "1988.??.??"]
[Round "?"]
[White "Vujicic, Mirko"]
[Black "Janjgava, Lasha"]
[Result "0-1"]
[WhiteElo "2310"]
[BlackElo "2470"]

1.e4 c5 2.c3 Nf6 3.e5 Nd5 4.d4 cxd4 5.Nf3 e6 6.cxd4 d6 7.a3 Nc6 8.Bd3 g6
9.O-O dxe5 10.dxe5 Bg7 11.Re1 O-O 12.Nc3 Nxc3 13.bxc3 Qa5 14.Qe2 Qxc3 15.Bd2 Qc5
16.Be3 Qa5 17.Bd2 Qc7 18.Rac1 Qe7 19.Rc3 Bd7 20.Bc4 Rfc8 21.Ba2 Qe8 22.h4 h5
23.Qe4 b6 24.g4 hxg4 25.Qxg4 Ne7 26.Ng5 Rxc3 27.Bxc3 Rc8 28.Ba1 Nf5 29.h5 gxh5
30.Qxh5 Qe7 31.Bb1 Rc4 32.Bxf5 exf5 33.e6 fxe6 34.Rxe6 Bxe6 35.Qh7+ Kf8 36.Nxe6+ Qxe6
37.Bxg7+ Ke8 38.Qh8+ Kd7 39.Be5 Rg4+ 40.Kh2 Qe7 41.Bf6 Qf7 42.f3 Rg8  0-1

[Event "GMA-Open"]
[Site "Belgrade"]
[Date "1988.??.??"]
[Round "?"]
[White "Smagin, Sergey"]
[Black "Paunovic, Tomislav"]
[Result "1-0"]
[WhiteElo "2550"]
[BlackElo "2420"]

1.e4 c5 2.c3 Nf6 3.e5 Nd5 4.d4 cxd4 5.Nf3 d6 6.Bc4 Nb6 7.Bb3 e6 8.cxd4 Be7
9.O-O Bd7 10.Nc3 Bc6 11.Qe2 O-O 12.Rd1 N8d7 13.Bf4 Bxf3 14.Qxf3 d5 15.Qg4 Re8
16.Rd3 Nf8 17.Re1 Rc8 18.Rf3 a6 19.Bc1 Nc4 20.Bc2 f5 21.exf6 Bxf6 22.h4 Nd6
23.Bg5 Bxg5 24.hxg5 g6 25.Qf4 Rc7 26.Qe3 Rf7 27.Rxf7 Nxf7 28.Bb3 Nd6 29.Qe5 Nf7
30.Qf4 Nd7 31.Re3 Nb8 32.Qg4 Nc6 33.Rxe6 Rxe6 34.Qxe6 Nxd4 35.Qxd5 Nxb3 36.Qxb3 Qxg5
37.g3 Qe7 38.Qd5 Kg7 39.Ne4 Ne5 40.Kg2 Nc6 41.Ng5 h6 42.Ne6+ Kf6 43.Nc5 a5
44.a3 Kg7 45.Ne6+ Kh7 46.Kg1 Kh8 47.Nf4 Kg7 48.Qd3 Qf7 49.Qe4 Qf6 50.Kg2 Qd6
51.Nd3 Qd4 52.Qf3 g5 53.Kg1 Kg8 54.Qf5 Kg7 55.Nc5 Qd1+ 56.Kg2 Nd4 57.Qd5 Kf6
58.Ne4+ Kg6 59.Nd6 Kf6 60.Nb5  1-0

[Event "Belgrade m"]
[Site "Belgrade"]
[Date "1988.??.??"]
[Round "4"]
[White "Maric, Alisa"]
[Black "Cramling, Pia"]
[Result "1/2-1/2"]
[WhiteElo "2365"]
[BlackElo "2435"]

1.e4 c5 2.c3 Nf6 3.e5 Nd5 4.d4 cxd4 5.Nf3 e6 6.cxd4 b6 7.Nc3 Nxc3 8.bxc3 Qc7
9.Bd2 d6 10.Bd3 Nd7 11.O-O dxe5 12.Nxe5 Nxe5 13.dxe5 Bb7 14.Bb5+ Bc6 15.Qf3 Rc8
16.a4 a6 17.Bxc6+ Qxc6 18.Qg3 g6 19.c4 a5 20.Be3 Bg7 21.Rab1 Qxa4 22.Bxb6 Rxc4
23.Bc5 Rxc5 24.Rb8+ Ke7 25.Rb7+ Kf8 26.Qf3 Qe8 27.Qa3 Qc6 28.Rb8+ Ke7 29.Rxh8 Bxh8
30.Rc1 Bxe5 31.Qxc5+ Qxc5 32.Rxc5 Kf6 33.Rxa5 h5 34.h3 Bd4 35.Kf1 h4 36.Ke2 e5
37.Rd5 Ke6 38.Rd8 Kf5 39.Rd6 Bc5 40.Rd7 f6 41.Rh7 g5 42.Rc7 Bd4 43.Rc6 e4
44.f3 Kf4 45.Rc4 exf3+ 46.gxf3 Ke5 47.Kd3 Bf2 48.Re4+ Kf5 49.Kc4 Bg3 50.Kd5  1/2-1/2

[Event "Berlin op"]
[Site "Berlin-West"]
[Date "1988.??.??"]
[Round "2"]
[White "Rahls, Peter"]
[Black "Szekely, Peter"]
[Result "0-1"]
[WhiteElo "2150"]
[BlackElo "2420"]

1.e4 c5 2.c3 Nf6 3.e5 Nd5 4.d4 cxd4 5.Nf3 d6 6.cxd4 Nc6 7.Bc4 dxe5 8.Bxd5 Qxd5
9.Nc3 Qd6 10.d5 Nd4 11.Nxd4 exd4 12.Qxd4 e5 13.Qd3 Bd7 14.O-O f5 15.Re1 Kf7
16.a4 a6 17.b3 e4 18.Qh3 Rc8 19.Bb2 Be7 20.Ne2 Rc2 21.Ba3 Qe5 22.Bxe7 Kxe7
23.Rad1 Kf7 24.Qh5+ g6 25.Qh6 Rc5 26.Nf4 Qg7 27.Qh4 Qf6 28.Qh3 Rc3 29.Re3 Qd4
30.Rf1 Rc2 31.Qg3 Rhc8 32.h4 Rc1 33.Rxc1 Rxc1+ 34.Kh2 Qa1 35.Qg5 Rh1+ 36.Kg3 Qg1  0-1

[Event "Berlin op"]
[Site "Berlin-West"]
[Date "1988.??.??"]
[Round "4"]
[White "Blauert, Joerg"]
[Black "Sulava, Nenad"]
[Result "0-1"]
[WhiteElo "2290"]
[BlackElo "2395"]

1.e4 c5 2.c3 Nf6 3.e5 Nd5 4.d4 cxd4 5.Nf3 d6 6.Bc4 Nb6 7.Bb3 d5 8.cxd4 Nc6
9.Nh4 a5 10.Nc3 e6 11.Nf3 Be7 12.h4 Bd7 13.Bc2 Nc4 14.a4 Qb6 15.O-O Nxb2
16.Bxb2 Qxb2 17.Nb5 Nb4 18.Bd3 Bxb5 19.Bxb5+ Kd8 20.Rb1 Qc2 21.Qe1 Rc8 22.Qe3 Qe4
23.Qb3 Bxh4 24.Rbc1 Be7 25.Rxc8+ Kxc8 26.Rc1+ Kb8 27.Qc3 Bd8 28.Qc5 Ka8 29.Qd6 Nc2
30.Nd2 Qxd4 31.Rxc2 Bb6 32.Nf1 Ka7 33.Qe7 Qxe5 34.Qxf7 Qf6 35.Qxf6 gxf6 36.Ne3 Rd8
37.Kf1 f5 38.g3 h5 39.Ke2 d4 40.Nd1 e5 41.Nb2 e4 42.Rd2 Bc5 43.Nc4 d3+ 44.Kf1 h4
45.gxh4 Rh8 46.Kg2 Rxh4 47.Kg3 Rh1 48.Kg2 Re1 49.Kg3 Re2 50.Kg2 f4 51.Kf1 f3
52.Rxe2 dxe2+ 53.Ke1 Bb4+ 54.Nd2 Kb6 55.Bxe2 fxe2 56.Kxe2 Bxd2 57.Kxd2 Kc5
58.Ke3 b5 59.axb5 a4  0-1

[Event "Caorle op"]
[Site "Caorle"]
[Date "1988.??.??"]
[Round "3"]
[White "Mufic, Goran"]
[Black "Horvath, Zoltan"]
[Result "1/2-1/2"]
[WhiteElo "2290"]
[BlackElo "2340"]

1.e4 c5 2.c3 Nf6 3.e5 Nd5 4.d4 cxd4 5.Qxd4 e6 6.Nf3 Nc6 7.Qe4 f5 8.exf6 Nxf6
9.Qh4 Qa5 10.Nbd2 Qf5 11.Nc4 d5 12.Ne3 Qh5 13.Qxh5+ Nxh5 14.Bb5 a6 15.Ba4 b5
16.Bc2 Bd6 17.a4 Rb8 18.axb5 axb5 19.O-O  1/2-1/2

[Event "Caorle op"]
[Site "Caorle"]
[Date "1988.??.??"]
[Round "8"]
[White "Fornari, Giuseppe"]
[Black "Pieri, Filippo"]
[Result "1-0"]
[WhiteElo "2080"]
[BlackElo "2005"]

1.e4 c5 2.c3 Nf6 3.e5 Nd5 4.d4 cxd4 5.Nf3 e6 6.cxd4 b6 7.Nc3 Nxc3 8.bxc3 Qc7
9.Bd2 Bb7 10.Bd3 d6 11.O-O Nd7 12.Bf4 Be7 13.Re1 O-O 14.Rc1 Bxf3 15.Qxf3 g6
16.Qg4 dxe5 17.dxe5 Rfd8 18.Bb1 Nc5 19.Re3 Rd5 20.h4 Rad8 21.Rf1 Nd3 22.Bg3 b5
23.a4 bxa4 24.Ba2 h5 25.Qxa4 Nc5 26.Qc4 Rd2 27.Bb1 a5 28.Rf3 Bf8 29.Kh2 Rd1
30.Rxd1 Rxd1 31.Bc2 Rd2 32.Ba4 Qb7 33.Be8 Qd5  1-0

[Event "Dieren op"]
[Site "Dieren"]
[Date "1988.??.??"]
[Round "2"]
[White "Booij, Johan"]
[Black "Small, Vernon A"]
[Result "0-1"]
[WhiteElo "2295"]
[BlackElo "2340"]

1.e4 c5 2.c3 Nf6 3.e5 Nd5 4.d4 cxd4 5.Qxd4 e6 6.Nf3 Nc6 7.Qe4 f5 8.exf6 Nxf6
9.Qh4 Be7 10.Bd3 Qc7 11.Bg6+ Kf8 12.O-O Ne5 13.Nxe5 Qxe5 14.Bg5 Kg8 15.Bc2 h6
16.Bxf6 gxf6 17.Nd2 Qg5 18.Qd4 f5 19.Rad1 Rh7 20.Nf3 Qf6 21.Qe3 Rg7 22.Ne5 d6
23.Nc4 f4 24.Qf3 d5 25.Nd2 Kh8 26.Rfe1 Bd7 27.Bd3 e5 28.Qe2 e4 29.Bxe4 dxe4
30.Nxe4 Qg6 31.g3 Bc6 32.Rd4 Rf8 33.b4 Rgf7 34.Qf1 Bf6 35.Nxf6 Rxf6 36.Rd2 fxg3
37.hxg3 Qh5 38.f4 Qh1+ 39.Kf2 Rxf4+ 40.gxf4 Rxf4+ 41.Kg3 Qh4+  0-1

[Event "Dortmund-B"]
[Site "Dortmund"]
[Date "1988.??.??"]
[Round "?"]
[White "Makropoulos, Georgios"]
[Black "Martinovic, Slobodan"]
[Result "1-0"]
[WhiteElo "2460"]
[BlackElo "2460"]

1.e4 c5 2.c3 Nf6 3.e5 Nd5 4.d4 cxd4 5.Nf3 e6 6.cxd4 d6 7.a3 Bd7 8.Bd3 Bc6
9.O-O Nd7 10.Re1 Be7 11.Nbd2 dxe5 12.dxe5 Nc5 13.Be4 Nxe4 14.Nxe4 Nb6 15.Qe2 Qd5
16.Nc3 Qc4 17.Qxc4 Nxc4 18.Nd4 Rc8 19.b3 Nb6 20.Be3 Nd7 21.f4 O-O 22.Rec1 a6
23.b4 Rfd8 24.Ra2 Nb8 25.Rac2 Bd7 26.Nb3 Nc6 27.Bb6 Re8 28.Ne4 Nb8 29.Nbc5 Bc6
30.Nd6 Bxd6 31.exd6 Nd7 32.Nxd7 Bxd7 33.Rc7 Kf8 34.R1c5 Bc6 35.d7 Rxc7 36.Bxc7  1-0

[Event "Edinburgh op"]
[Site "Edinburgh"]
[Date "1988.??.??"]
[Round "8"]
[White "Lalic, Susan"]
[Black "Peek, Marcel"]
[Result "0-1"]
[WhiteElo "2340"]
[BlackElo "2345"]

1.e4 c5 2.c3 Nf6 3.e5 Nd5 4.d4 cxd4 5.Nf3 e6 6.cxd4 b6 7.Bd3 Bb4+ 8.Bd2 Bxd2+
9.Qxd2 Ba6 10.O-O O-O 11.Nc3 Bxd3 12.Qxd3 Nxc3 13.Qxc3 Nc6 14.Qd2 Ne7 15.Ng5 Nd5
16.Ne4 Qh4 17.Rfe1 f5 18.exf6 gxf6 19.Nc3 Qh5 20.Nxd5 Qxd5 21.Re3 Rf7 22.Rg3+ Rg7
23.Qf4 Kf7 24.a3 Rc8 25.Re1 Rc4 26.Qh6 Rxg3 27.hxg3 Qf5 28.Rd1 Rc2 29.Qe3 Rxb2
30.a4 Qc2 31.Rc1 Qd2 32.Rc7 Ke7 33.g4 Qxe3 34.fxe3 a5 35.Kf1 Kd6 36.Rb7 Kc6
37.Rb8 Ra2 38.Rh8 Rxa4 39.Rxh7 b5 40.Ke2 Ra2+ 41.Kf3 b4 42.e4 b3 43.Rh1 b2
44.Rb1 Kd6  0-1

[Event "FIN-SWE"]
[Site "?"]
[Date "1988.??.??"]
[Round "1"]
[White "Valkesalmi, Kimmo"]
[Black "Hellers, Ferdinand"]
[Result "1/2-1/2"]
[WhiteElo "2425"]
[BlackElo "2485"]

1.e4 c5 2.c3 Nf6 3.e5 Nd5 4.d4 cxd4 5.Nf3 d6 6.Bc4 Nb6 7.Bb3 Nc6 8.exd6 Qxd6
9.O-O Be6 10.Bxe6 Qxe6 11.Nxd4 Nxd4 12.Qxd4 Rd8 13.Qh4 Qe2 14.Be3 e6 15.Nd2 Be7
16.Qg3 O-O 17.Bh6 Bf6 18.Rae1 Qh5 19.Bf4 Nd5 20.Be5 Qg6 21.Qxg6  1/2-1/2

[Event "Peer Gynt"]
[Site "Gausdal"]
[Date "1988.??.??"]
[Round "?"]
[White "Lindgren, Mats"]
[Black "Jansa, Vlastimil"]
[Result "0-1"]
[WhiteElo "2230"]
[BlackElo "2470"]

1.e4 c5 2.c3 Nf6 3.e5 Nd5 4.d4 cxd4 5.Nf3 e6 6.cxd4 b6 7.Nc3 Nxc3 8.bxc3 Qc7
9.Bd2 d6 10.Bd3 Nd7 11.O-O dxe5 12.Re1 Bb7 13.Nxe5 Nxe5 14.Bf4 O-O-O 15.Bxe5 Bd6
16.a4 Bxe5 17.Rxe5 Kb8 18.Ra3 Qc6 19.Qf1 f6 20.Rb5 e5 21.a5 exd4 22.c4 Rhe8
23.Rb1 Re5 24.axb6 axb6 25.Rab3 Rg5 26.f3 Qxf3 27.Rxb6 Rxg2+ 28.Kh1 Rf2+
29.Kg1 Rxf1+ 30.Bxf1 Qe3+  0-1

[Event "Troll Masters"]
[Site "Gausdal"]
[Date "1988.??.??"]
[Round "?"]
[White "Fossan, Petter"]
[Black "Iskov, Gert"]
[Result "1-0"]
[WhiteElo "2305"]
[BlackElo "2345"]

1.e4 c5 2.c3 Nf6 3.e5 Nd5 4.d4 cxd4 5.Nf3 e6 6.cxd4 b6 7.Bd3 Ba6 8.O-O Be7
9.Nc3 Nxc3 10.bxc3 Bxd3 11.Qxd3 d5 12.exd6 Qxd6 13.Ba3 Qc7 14.Bxe7 Kxe7 15.Rad1 Nd7
16.d5 Qd6 17.Rfe1 Nf6 18.Nd4 Qxd5 19.Nf5+ Kf8 20.Qg3 Nh5 21.Qc7  1-0

[Event "Geneve-B"]
[Site "Geneve"]
[Date "1988.??.??"]
[Round "?"]
[White "Lane, Gary W"]
[Black "Kuczynski, Robert"]
[Result "1/2-1/2"]
[WhiteElo "2410"]
[BlackElo "2460"]

1.e4 c5 2.c3 Nf6 3.e5 Nd5 4.d4 cxd4 5.Nf3 d6 6.Bc4 Nb6 7.Bb3 dxe5 8.Nxe5 e6
9.cxd4 Nc6 10.Nxc6 bxc6 11.O-O Be7 12.Nc3 O-O 13.Be3 a5 14.Rc1 Ba6 15.Re1 Nd5
16.Qf3 Bb4 17.Red1 Qf6 18.Qg3 Qg6 19.Qh3 h6 20.Bc2 f5 21.Nxd5 cxd5 22.Qf3  1/2-1/2

[Event "Bundesliga 8788"]
[Site "Germany"]
[Date "1988.??.??"]
[Round "?"]
[White "Heidrich, Manfred"]
[Black "Sandkamp, Ralph"]
[Result "1-0"]
[WhiteElo "2260"]
[BlackElo "2250"]

1.e4 c5 2.c3 Nf6 3.e5 Nd5 4.d4 cxd4 5.Nf3 Nc6 6.cxd4 d6 7.Nc3 Nxc3 8.bxc3 d5
9.Bd3 g6 10.h4 Bg4 11.Qb3 Qd7 12.Ng5 h6 13.Nh3 Bxh3 14.Rxh3 h5 15.Rf3 Bh6
16.Bxh6 Rxh6 17.Rb1 b6 18.Qa4 Rc8 19.Bb5 g5 20.hxg5 Rg6 21.Rc1 Kf8 22.c4 Qg4
23.cxd5 Qxg2 24.Qa3 Nxd4 25.Rxc8+ Kg7 26.Rxf7+ Kxf7 27.Be8+  1-0

[Event "BL2-W8788"]
[Site "Germany"]
[Date "1988.??.??"]
[Round "?"]
[White "Kreutzkamp, Reinhold"]
[Black "Rosen, Willy"]
[Result "1-0"]
[WhiteElo "2250"]
[BlackElo "2265"]

1.e4 c5 2.c3 Nf6 3.e5 Nd5 4.d4 cxd4 5.Nf3 Nc6 6.Bc4 e6 7.cxd4 Nb6 8.Bd3 d5
9.exd6 Nb4 10.Be4 Bxd6 11.Nc3 N6d5 12.O-O Nf6 13.Bg5 Be7 14.Bxf6 Bxf6 15.Qa4+ Nc6
16.Bxc6+ bxc6 17.Qxc6+ Bd7 18.Qe4 O-O 19.Ne5 Rb8 20.Rab1 Rb6 21.Rfd1 Bc8
22.Qe3 Bb7 23.Rd2 Rd6 24.Rbd1 Qa8 25.f3 Rfd8 26.Ne4 Bxe4 27.fxe4 h6 28.Nf3 R6d7
29.g3 Qc6 30.Kg2 g6 31.h3 Kh7 32.b3 Qb6 33.Qf2 Qc6 34.Qe2 Kg7 35.Qe3 Qb6
36.Qf2 Qc6 37.Qe2 Kh7 38.Qe3 Qb6 39.Qf2 Qc6 40.Qe2 Kg7 41.Kh2 Kh7 42.Rd3 Qa6
43.Qf2 Qc6 44.Qe3 Qb6 45.Kg2 Kg7 46.d5 Qxe3 47.Rxe3 exd5 48.Red3 d4 49.e5 Be7
50.Rxd4 Rxd4 51.Rxd4 Rc8 52.Rc4 Re8 53.Nd4 Ba3 54.Nc6 Bb2 55.Nxa7 Rxe5 56.Nc6 Re2+
57.Kf1 Rh2 58.a4 Rxh3 59.Kg2 Rh5 60.a5 Rd5 61.a6 Rd2+ 62.Kf1  1-0

[Event "BL2-SW8788"]
[Site "Germany"]
[Date "1988.??.??"]
[Round "?"]
[White "Biehler, Thomas"]
[Black "Ernst, Thomas"]
[Result "1/2-1/2"]
[WhiteElo "2225"]
[BlackElo "2455"]

1.e4 c5 2.c3 Nf6 3.e5 Nd5 4.d4 cxd4 5.Nf3 e6 6.cxd4 b6 7.Bd3 Bb4+ 8.Bd2 Bxd2+
9.Nbxd2 Ba6 10.Ne4 O-O 11.O-O Bxd3 12.Qxd3 Nc6 13.Rac1 f6 14.Rfe1 fxe5 15.Nxe5 Nxe5
16.dxe5 Qe7 17.Nd6 Qh4 18.g3 Qg4 19.Rc4 Rf4 20.Rxf4 Nxf4 21.Qe4 Rf8 22.Kh1 Nh3
23.Rf1 Qh5 24.f4 Ng5 25.Qd3 Nf7 26.Nxf7 Rxf7 27.Rc1 g5 28.Rc8+ Kg7 29.Rc7 gxf4
30.gxf4 Kh6 31.Rxd7 Rxd7 32.Qxd7 Qf3+ 33.Kg1 Qg4+ 34.Kh1  1/2-1/2

[Event "Groningen op"]
[Site "Groningen"]
[Date "1988.??.??"]
[Round "?"]
[White "Van de Oudeweetering, Arthur"]
[Black "Booij, Johan"]
[Result "1/2-1/2"]
[WhiteElo "2310"]
[BlackElo "2310"]

1.e4 c5 2.c3 Nf6 3.e5 Nd5 4.d4 cxd4 5.Nf3 Nc6 6.Bc4 Nb6 7.Bb3 d5 8.exd6 Qxd6
9.O-O Be6 10.Bxe6 Qxe6 11.Nxd4 Nxd4 12.Qxd4 Rd8 13.Qh4 Qc6 14.Nd2 e6 15.Qg4 h5
16.Qe2 Be7 17.Nf3 Qc4 18.Qe5 Bf6 19.Qa5 Qa4 20.Qc5  1/2-1/2

[Event "Hamburg-ch"]
[Site "Hamburg"]
[Date "1988.??.??"]
[Round "?"]
[White "Engelbert, Christoph"]
[Black "Meier, Volker"]
[Result "1/2-1/2"]
[WhiteElo "2220"]
[BlackElo "2295"]

1.e4 c5 2.c3 Nf6 3.e5 Nd5 4.d4 cxd4 5.Nf3 Nc6 6.cxd4 d6 7.Bc4 Nb6 8.Bb5 dxe5
9.Nxe5 Bd7 10.Nc3 Nxe5 11.dxe5 Bxb5 12.Nxb5 Qxd1+ 13.Kxd1 Nd5 14.Bd2 a6 15.Nc3 Nxc3+
16.Bxc3 e6 17.Ke2 Bc5 18.Rhd1 Ke7 19.Rd3 Rhd8 20.f4 Rd7 21.Rh3 h6 22.Rd3 h5
23.h3 g6 24.g4 Rxd3 25.Kxd3 hxg4 26.hxg4 Kd7  1/2-1/2

[Event "Hastings op8889"]
[Site "Hastings"]
[Date "1988.??.??"]
[Round "?"]
[White "Harley, Andrew"]
[Black "Parmentier, Xavier"]
[Result "1-0"]
[WhiteElo "2245"]
[BlackElo "2340"]

1.e4 c5 2.c3 Nf6 3.e5 Nd5 4.d4 cxd4 5.Nf3 Nc6 6.Bc4 Nb6 7.Bb3 d5 8.exd6 Qxd6
9.O-O Be6 10.Na3 Bxb3 11.Qxb3 e6 12.Nb5 Qd7 13.Nfxd4 Nxd4 14.Nxd4 Bc5 15.Be3 O-O
16.Nxe6 fxe6 17.Bxc5 Rf6 18.Bxb6 axb6 19.Qxb6 Qd5  1-0

[Event "Havana"]
[Site "Havana"]
[Date "1988.??.??"]
[Round "?"]
[White "Sariego, Wilfredo"]
[Black "Vera, Reynaldo"]
[Result "0-1"]
[WhiteElo "2425"]
[BlackElo "2445"]

1.e4 c5 2.c3 Nf6 3.e5 Nd5 4.d4 cxd4 5.Nf3 e6 6.cxd4 b6 7.Nc3 Nxc3 8.bxc3 Qc7
9.Bd2 d6 10.Bd3 Nd7 11.O-O dxe5 12.Nxe5 Nxe5 13.dxe5 Bc5 14.Qg4 O-O 15.Rae1 Rd8
16.Qh3 g6 17.Bg5 Be7 18.Bxe7 Qxe7 19.Re4 Bb7 20.Rg4 Rac8 21.c4 Rc5 22.Re1 Ra5
23.Bb1 Rxe5 24.Rf1 Qb4 25.Qh4 Rd1  0-1

[Event "IND-ch"]
[Site "?"]
[Date "1988.??.??"]
[Round "?"]
[White "Ravi, Thandalam Shanmugam"]
[Black "Ganesan, Sankar"]
[Result "1/2-1/2"]
[WhiteElo "2215"]
[BlackElo "2270"]

1.e4 c5 2.c3 Nf6 3.e5 Nd5 4.d4 cxd4 5.Nf3 e6 6.cxd4 Nc6 7.Nc3 d6 8.Nxd5 exd5
9.exd6 Bxd6 10.Be2 Bb4+ 11.Bd2 Qa5 12.Bxb4 Qxb4+ 13.Qd2 Qxd2+ 14.Kxd2 Bg4
15.Ne5 Bxe2 16.Nxc6 bxc6 17.Kxe2 Rb8 18.b3 Kd7 19.Kd3 Kd6 20.Rac1 Rb5  1/2-1/2

[Event "Israel"]
[Site "Israel"]
[Date "1988.??.??"]
[Round "?"]
[White "Lahav, Ehud"]
[Black "Stisis, Yaacov"]
[Result "1/2-1/2"]
[WhiteElo "2340"]
[BlackElo "2295"]

1.e4 c5 2.c3 Nf6 3.e5 Nd5 4.d4 cxd4 5.Nf3 Nc6 6.Bc4 Nb6 7.Bb3 d5 8.exd6 Qxd6
9.Na3 a6 10.cxd4 g6 11.Ng5 Nd8 12.O-O Bg7 13.Be3 Bf5 14.Qf3 O-O 15.Rfd1 Qd7
16.h3 h6 17.g4 Bxg4 18.Qxg4 Qxg4+ 19.hxg4 hxg5 20.Bxg5 e6 21.Be7 Re8 22.Bc5 Nd7
23.Nc4 Nc6 24.Rac1  1/2-1/2

[Event "JUG-ch"]
[Site "?"]
[Date "1988.??.??"]
[Round "?"]
[White "Strikovic, Aleksa"]
[Black "Matulovic, Milan"]
[Result "1-0"]
[WhiteElo "2450"]
[BlackElo "2435"]

1.e4 c5 2.c3 Nf6 3.e5 Nd5 4.d4 cxd4 5.Nf3 Nc6 6.Bc4 Nb6 7.Bb3 d5 8.exd6 Qxd6
9.Na3 a6 10.O-O e6 11.Nxd4 Nxd4 12.cxd4 Be7 13.Qf3 O-O 14.Bf4 Qxd4 15.Be3 Qb4
16.Rad1 Rd8 17.Nc2 Qa5 18.Rxd8+ Bxd8 19.Rd1 Bf6 20.Bd2 Qf5 21.Qxf5 exf5 22.Ba5 Nd7
23.Re1 Nf8 24.Re8 b6 25.Bxb6 Bb7 26.Rxa8 Bxa8 27.Bd4 Nd7 28.f4 Kf8 29.Kf2 Ke7
30.g3 Be4 31.Ke3 g6 32.Nb4 a5 33.Nd5+ Bxd5 34.Bxd5 h5 35.h4 Bxd4+ 36.Kxd4 Nf6
37.b3 Nd7 38.a3 Nb6 39.b4 axb4 40.axb4 Nd7 41.b5 f6 42.Bc6 Nf8 43.Kd5 g5
44.b6 Ne6 45.hxg5 fxg5 46.fxg5 Nd8 47.b7 Nxb7 48.Bxb7 Kf7 49.Ke5 Kg6 50.Kf4  1-0

[Event "URS-FL56"]
[Site "Klaipeda"]
[Date "1988.??.??"]
[Round "?"]
[White "Rozentalis, Eduardas"]
[Black "Aseev, Konstantin N"]
[Result "1-0"]
[WhiteElo "2490"]
[BlackElo "2445"]

1.e4 c5 2.c3 Nf6 3.e5 Nd5 4.d4 cxd4 5.cxd4 d6 6.Bc4 Nb6 7.Bb5+ Bd7 8.e6 Bxb5
9.Qh5 Qc8 10.Qxb5+ Kd8 11.Be3 Qxe6 12.d5 Qd7 13.Bxb6+ axb6 14.Qxb6+ Qc7 15.Qe3 Qc5
16.Qd2 g6 17.Ne2 Bg7 18.O-O Na6 19.Nbc3 h5 20.a3 Nc7 21.Qd3 h4 22.b4 Qb6
23.h3 Rh5 24.a4 Qxb4 25.Rab1 Qa5 26.Rfc1 Nxd5 27.Rb5 Nxc3 28.Rxa5 Nxe2+ 29.Qxe2 Rhxa5
30.Qa2 Ke8 31.Qb3 Rxa4 32.Qb5+ Kf8 33.Qxa4  1-0

[Event "FRG-ch qual"]
[Site "Koenigslutter"]
[Date "1988.??.??"]
[Round "?"]
[White "Blauert, Joerg"]
[Black "Michaelsen, Nils"]
[Result "1/2-1/2"]
[WhiteElo "2290"]
[BlackElo "2380"]

1.e4 c5 2.c3 Nf6 3.e5 Nd5 4.d4 cxd4 5.Nf3 Nc6 6.Bc4 Nb6 7.Bb3 d5 8.exd6 Qxd6
9.O-O Be6 10.Bxe6 Qxe6 11.Nxd4 Nxd4 12.Qxd4 Rd8 13.Qh4 Qe2 14.Be3 e6 15.Nd2 Be7
16.Qg3 O-O 17.Bh6 Bf6 18.Rfe1 Qh5 19.Be3 Rd3 20.Qf3 Qxf3 21.Nxf3 Nc4 22.Re2 Rfd8
23.Bd4 Bxd4 24.cxd4 Nd6 25.Re3 Rxe3 26.fxe3 Rc8 27.Ne1 g5  1/2-1/2

[Event "BKL-Turnier"]
[Site "Leipzig"]
[Date "1988.??.??"]
[Round "?"]
[White "Teske, Henrik"]
[Black "Adamski, Jan"]
[Result "1/2-1/2"]
[WhiteElo "2425"]
[BlackElo "2395"]

1.e4 c5 2.c3 Nf6 3.e5 Nd5 4.d4 cxd4 5.Nf3 e6 6.cxd4 b6 7.Nc3 Nxc3 8.bxc3 Qc7
9.Bd2 Bb7 10.Bd3 d6 11.O-O Nd7 12.Bf4 Be7 13.Re1 O-O 14.Re3 g6 15.exd6 Bxd6
16.Bxd6  1/2-1/2

[Event "Lloyds Bank op"]
[Site "London"]
[Date "1988.??.??"]
[Round "?"]
[White "Bowden, Karl"]
[Black "Ward, Christopher"]
[Result "0-1"]
[WhiteElo "2360"]
[BlackElo "2325"]

1.e4 c5 2.c3 Nf6 3.e5 Nd5 4.d4 cxd4 5.cxd4 d6 6.Nf3 Nc6 7.Bc4 dxe5 8.Bxd5 Qxd5
9.Nc3 Qd6 10.d5 Nd4 11.Nxd4 exd4 12.Qxd4 e5 13.Qd3 Bd7 14.O-O f5 15.Re1 Kf7
16.Qg3 Re8 17.f4 e4 18.Be3 h5 19.Qf2 Rh6 20.Bd4 Kg8 21.Rac1 h4 22.a3 b6 23.Rcd1 Qb8
24.Be3 Qb7 25.Qc2 Bd6 26.Qb3 Qa6 27.Qc2 Qc4 28.Qf2 Qb3 29.Bd4 Rg6 30.Rc1 Rg4
31.Be3 Rc8 32.Qd2 Rc4 33.h3 Rg3 34.Kf2 g5 35.Ne2 Rxe3 36.Rxc4 Qxc4 37.Rc1 Rxe2+  0-1

[Event "Lloyds Bank op"]
[Site "London"]
[Date "1988.??.??"]
[Round "?"]
[White "Lane, Gary W"]
[Black "Ernst, Thomas"]
[Result "1/2-1/2"]
[WhiteElo "2410"]
[BlackElo "2450"]

1.e4 c5 2.c3 Nf6 3.e5 Nd5 4.d4 cxd4 5.Nf3 Nc6 6.Bc4 Nb6 7.Bb3 d6 8.exd6 Qxd6
9.O-O Be6 10.Bxe6 Qxe6 11.Nxd4 Nxd4 12.Qxd4 Rd8 13.Qe3 Qxe3 14.Bxe3 e6 15.Bxb6 axb6
16.a4 Kd7 17.Rd1+ Bd6 18.Na3 Kc6 19.Nb5 Be5 20.Kf1 Bf6 21.Ke2 h5 22.b4  1/2-1/2

[Event "Naleczow"]
[Site "Naleczow"]
[Date "1988.??.??"]
[Round "3"]
[White "Pandavos, Emanouel"]
[Black "Petkevich, Jusefs"]
[Result "0-1"]
[WhiteElo "2410"]
[BlackElo "2465"]

1.e4 c5 2.c3 Nf6 3.e5 Nd5 4.d4 cxd4 5.Qxd4 e6 6.Nf3 Nc6 7.Qe4 f5 8.exf6 Nxf6
9.Qh4 Be7 10.Bd3 O-O 11.Bg5 Rf7 12.Nbd2 d5 13.Bb5 h6 14.Bxf6 Bxf6 15.Qa4 Bd7
16.O-O a6 17.Bxc6 Bxc6 18.Qc2 e5 19.Rfe1 e4 20.Nd4 Bxd4 21.cxd4 Qf6 22.f3 Qxd4+
23.Kh1 Raf8 24.Rad1 Qf2 25.Rf1 Qh4 26.Qc3 Qg5 27.fxe4 Qxd2  0-1

[Event "Novi Sad op"]
[Site "Novi Sad"]
[Date "1988.??.??"]
[Round "9"]
[White "Titova Boric, Elena"]
[Black "Yanofsky, Daniel Abraham"]
[Result "0-1"]
[WhiteElo "2140"]
[BlackElo "2420"]

1.e4 c5 2.c3 Nf6 3.e5 Nd5 4.d4 cxd4 5.Nf3 Nc6 6.Bc4 Nb6 7.Bb3 d5 8.exd6 Qxd6
9.O-O Be6 10.Bxe6 Qxe6 11.Nxd4 Nxd4 12.Qxd4 Rd8 13.Qf4 g6 14.Na3 Bg7 15.Nb5 O-O
16.Nxa7 Qe2 17.Qb4 Rd1  0-1

[Event "Novi Sad op"]
[Site "Novi Sad"]
[Date "1988.??.??"]
[Round "11"]
[White "Pete, Josip"]
[Black "Shneider, Aleksandr"]
[Result "0-1"]
[WhiteElo "2295"]
[BlackElo "2465"]

1.e4 c5 2.c3 Nf6 3.e5 Nd5 4.d4 cxd4 5.Nf3 Nc6 6.cxd4 d6 7.a3 Bg4 8.Be2 e6
9.exd6 Bxd6 10.Nc3 Be7 11.h3 Bh5 12.Ne4 O-O 13.O-O Qb6 14.Ne5 Bxe2 15.Qxe2 Nxd4
16.Qd3 Rfd8 17.Nc4 Qc7 18.Qxd4 Nb6 19.Ncd6 Bxd6 20.Nxd6 Qxd6 21.Qg4 Qe5 22.Qb4 Rd4
23.Qe7 Rd7 24.Qb4 Qd4 25.Qb3 Qd3 26.Qb4 Qc4 27.Qe1 Qb3 28.Qe2 Nc4 29.Bg5 h6
30.Rac1 b5 31.Qe4 Rd5 32.Bf4 Qxb2  0-1